000 00517nam a2200181 i 4500
001 bg
100 1 _aBORCZYŃSKI, Janusz.
245 0 _aPodzespoły elektroniczne, półprzewodniki :
_bporadnik /
_cJ. Borczyński, P. Dumin, A. Milczewski.
260 _aWarszawa,
_c1990.
650 9 _aElektronika
_xurządzenia
700 1 _aDUMIN, Piotr.
700 1 _aMILCZEWSKI, Andrzej.
040 _cBPK
041 _apol
080 _a621.382+681.32/.33](083.8)
942 _cKS
008 s pl f |000 0 pol
999 _c4306
_d4306
856 _uhttp://koha.tu.koszalin.pl/cgi-bin/koha/opac-detail.pl?biblionumber=4306
_yKatalog online BPK